Изменения природы России и мира: итог 20 лет; Энергия: экономика, техника, экология; № 1

Dettagli Bibliografici
Parent link:Энергия: экономика, техника, экология: научно-популярный и общественно-политический журнал/ Российская академия наук (РАН).— , 1984-.— 0233-3619
№ 1.— 2004.— С. 57-59
Autore principale: Голубчиков С.
Lingua:russo
Pubblicazione: 2004
Soggetti:
Natura: MixedMaterials Capitolo di libro
KOHA link:https://koha.lib.tpu.ru/cgi-bin/koha/opac-detail.pl?biblionumber=390647

MARC

LEADER 00000naa2a2200000 4500
001 390647
005 20231101064006.0
035 |a (RuTPU)RU\TPU\prd\23891 
090 |a 390647 
100 |a 20040316a2004 k y0rusy50 ca 
101 0 |a rus 
102 |a RU 
200 1 |a Изменения природы России и мира: итог 20 лет  |f С. Голубчиков 
461 1 |0 (RuTPU)RU\TPU\prd\458  |x 0233-3619  |t Энергия: экономика, техника, экология  |o научно-популярный и общественно-политический журнал  |f Российская академия наук (РАН)  |d 1984- 
463 1 |0 (RuTPU)RU\TPU\prd\23185  |t № 1  |v С. 57-59  |d 2004 
610 1 |a природные катастрофы 
610 1 |a природа России 
610 1 |a техногенные катастрофы 
610 1 |a потепление климата 
610 1 |a экономический ущерб 
610 1 |a лесные пожары 
700 1 |a Голубчиков  |b С. 
801 1 |a RU  |b 63413507  |c 20040316  |g PSBO 
801 2 |a RU  |b 63413507  |c 20120516  |g RCR 
942 |c BK